Une lettre suffit pour répondre juste #34 (attention 10 lettres tuent) - Statistiques

Statistiques générales
  • Ce quiz a été pris 62 fois
  • Le résultat moyen est 3 sur 6
Statistiques - réponses
Hint Réponse % Correct
Donne une des 5 lettres qui complète le nom de cette comédie de 1972 : Le Grand _ _ _ _ _ avec une chaussure noire
BLOND
100%
Donne une des 4 lettres du nom de la chanson de Van Halen de 1984 (qui passe en boucle au Stade Vélodrome) dont voici un extrait du clip
JUMP
63%
Donne une des 3 lettres d'une céréale de la famille des Poacées qui peut être commercialisé à plusieurs stades de transformation : paddy (brut), complet, blanc, aromatique ou parfumé (thaï, basmati) ou encore étuvé
RIZ
60%
Donne une des 2 lettres de l'abréviation courante de catéchisme ou catéchèse dans le domaine religieux KT
35%
Donne la première lettre du prénom ou du nom de cette chanteuse québécoise
C (Charlotte Cardin)
17%
Donne la dernière lettre du surnom de cette acteur français : PE?
F (Pierre-François Martin-Laval)
15%
Aucun quiz correspondant
Distribution des résultats
% des personnes avec chaque résultat
Percentile par nombre de réponses
Votre historique - résultats
Vous n’avez pas pris ce quiz